50 centres office rents (Record no. 107190)

MARC details
000 -LEADER
fixed length control field 01400cad a22002415a 4500
001 - CONTROL NUMBER
control field L138519
008 - FIXED-LENGTH DATA ELEMENTS--GENERAL INFORMATION
fixed length control field 070618s2007 xxkd f s 000 0 eng d
035 ## - SYSTEM CONTROL NUMBER
System control number (Sirsi) u138519
041 0# - LANGUAGE CODE
Language code of text/sound track or separate title eng
050 04 - LIBRARY OF CONGRESS CALL NUMBER
Classification number 333.336 $2 18
110 2# - MAIN ENTRY--CORPORATE NAME
Corporate name or jurisdiction name as entry element Jones Lang LaSalle
9 (RLIN) 3755
245 00 - TITLE STATEMENT
Title 50 centres office rents
Remainder of title May 2007
Medium [electronic resource]
260 ## - PUBLICATION, DISTRIBUTION, ETC.
Place of publication, distribution, etc. London
Name of publisher, distributor, etc. JLL
Date of publication, distribution, etc. 2007
490 #0 - SERIES STATEMENT
Series statement JLL 50 Centres Office Rents
Volume/sequential designation May 2007
520 ## - SUMMARY, ETC.
Summary, etc. Finds that achievable office rents have increased by an average of 7.8% during the twelve months to March 2007. Speculative activity in the Midlands has boosted rental growth in the area by an average of 8%. The first speculative development in Leicester for over ten years has attracted a rent of £178 per sq m, 17.9% higher than previous prime rents. Scotland saw rental growth and an overall 8% rise. The importance of the M4 corridor is growing, with rents rising by 4%. Brentford, Chiswick and Staines are all rising well above the average figure.
590 ## - LOCAL NOTE (RLIN)
Local note KA NTK
650 24 - SUBJECT ADDED ENTRY--TOPICAL TERM
Topical term or geographic name entry element OFFICE RENTS
650 24 - SUBJECT ADDED ENTRY--TOPICAL TERM
Topical term or geographic name entry element JLL 50 CENTRES OFFICE RENTS
651 #4 - SUBJECT ADDED ENTRY--GEOGRAPHIC NAME
Geographic name United Kingdom
Chronological subdivision
690 ## - LOCAL SUBJECT ADDED ENTRY--TOPICAL TERM (OCLC, RLIN)
Topical term or geographic name as entry element PROPERTY-COMMERCIAL PROPERTY-COMMERCIAL PROPERTY MARKET
856 40 - ELECTRONIC LOCATION AND ACCESS
Uniform Resource Identifier <a href="https://www.research.joneslanglasalle.com/loadpage.asp?document_lang=1&countryid=76&location=/showdocument.asp">https://www.research.joneslanglasalle.com/loadpage.asp?document_lang=1&countryid=76&location=/showdocument.asp</a>
Public note View the item free of charge at www.research.joneslanglasalle.com...
942 ## - ADDED ENTRY ELEMENTS (KOHA)
Suppress in OPAC 0
Holdings
Withdrawn status Lost status Source of classification or shelving scheme Damaged status Not for loan Home library Current library Shelving location Date acquired Total Checkouts Full call number Barcode Date last seen Copy number Price effective from Koha item type
    Dewey Decimal Classification     Virtual Virtual Online 18/06/2007   ONLINE PUBLICATION 138519-1001 06/08/2019 1 06/08/2019 Book